Archives européennes de sociologie European journal of sociology = Europäisches Archiv für Soziologie.
| Formato: | Electrónico Revista |
|---|---|
| Lenguaje: | inglés francés alemán |
| Publicado: |
[Cambridge, England] :
Cambridge University Press
|
| Materias: | |
| Acceso en línea: | Full text available from Research Library: 11/01/2001 to 1 year ago |
MARC
| LEADER | 00000nas a2200000 a 4500 | ||
|---|---|---|---|
| 001 | ssj0019070 | ||
| 003 | WaSeSS | ||
| 005 | 20200512172242.0 | ||
| 006 | m d | ||
| 007 | cr n | ||
| 008 | 021107c19609999enktr pss o 0 a0eng c | ||
| 010 | |a 2007233851 | ||
| 015 | |a GBB404506 |2 bnb | ||
| 016 | 7 | |a 2092653-4 |2 DE-600 | |
| 016 | 7 | |a 012901695 |2 Uk | |
| 022 | |a 1474-0583 |l 0003-9756 |y 0003-9756 | ||
| 035 | |a (WaSeSS)ssj0019070 | ||
| 037 | |a 22573/cts9md0h |b JSTOR | ||
| 040 | |a NED |b eng |c NED |d OCLCQ |d OCL |d OCLCQ |d MUQ |d OCLCS |d GUA |d OCLCQ |d OCLCO |d OCLCQ |d OCLCF |d TEF |d OCLCO |d VT2 |d CGU |d OCLCQ |d NLE |d AU@ |d UKMGB |d SFB |d CNMTR |d FUG |d WaSeSS | ||
| 041 | 0 | |a eng |a fre |a ger | |
| 042 | |a pcc | ||
| 050 | 1 | 4 | |a HM1.A1 |
| 082 | 0 | 4 | |a 301/.05 |2 23 |
| 130 | 0 | |a Archives européennes de sociologie (Online) | |
| 210 | 1 | |a Arch. eur. sociol. |b (Online) | |
| 222 | 0 | |a Archives européennes de sociologie |b (Online) | |
| 245 | 1 | 0 | |a Archives européennes de sociologie |h [electronic resource] = |b European journal of sociology = Europäisches Archiv für Soziologie. |
| 246 | 1 | |i Some providers have title only in English: |a European journal of sociology | |
| 246 | 3 | 1 | |a Europäisches Archiv für Soziologie |
| 260 | |a [Cambridge, England] : |b Cambridge University Press | ||
| 310 | |a Three times a year | ||
| 362 | 1 | |a Print began with Vol. 1, issue 01 (June 1960). | |
| 500 | |a Title from print version record. | ||
| 506 | |a License restrictions may limit access. | ||
| 538 | |a Mode of access: World Wide Web. | ||
| 546 | |a English, French or German. | ||
| 588 | |a Latest issue consulted: Vol. 48, no. 1 (Apr. 2007) (Cambridge journals, viewed Nov. 16, 2007). | ||
| 650 | 0 | |a Sociology |v Periodicals. | |
| 650 | 0 | |a Social sciences |v Periodicals. | |
| 650 | 6 | |a Sociologie |v Périodiques. | |
| 650 | 6 | |a Sciences sociales |v Périodiques. | |
| 650 | 7 | |a Social sciences. |2 fast |0 (OCoLC)fst01122877 | |
| 650 | 7 | |a Sociology. |2 fast |0 (OCoLC)fst01123875 | |
| 655 | 0 | |a Electronic journals. | |
| 776 | 0 | 8 | |i Print version: |t Archives européennes de sociologie |x 0003-9756 |w (DLC) 64027672 |w (OCoLC)849594 |
| 856 | 4 | 0 | |z Full text available from Research Library: 11/01/2001 to 1 year ago |u https://search.proquest.com/publication/47280 |